000 005810000a22001810004500
003 MACL
005 20160413120738.0
008 160413b xxu||||| |||| 00| 0 eng d
040 _aMACL
_cMACL
041 _aHindi
082 _a610
100 _aश्रीमती बृन्‍दा सिंह
_952107
245 _aजन स्‍वास्‍थ्‍य एवं परिवार कल्‍याण
260 _bपंचशील प्रकाशन
_c1999
_aजयपुर
350 _a400
650 _aMedical Sci.
_933115
942 _cHIN
_k610
_2ddc
999 _c9516
_d9516